000 00805nam a2200241 i 4500
001 133686
003 ES-MaACL
005 20230906194512.0
007 t|
008 070824s1973 fr ||||1| fre d
080 _a929 Strauss
100 1 _aFantel, Hans.
_948814
245 1 4 _aLes Strauss rois de la Valse et la Vienne romantique de leur époque /
_cHans Fantel ; traduit de l'anglais par Christiane de Lisle.
260 _aParis :
_bBuchet :
_bChastel,
_c[1973]
300 _a292 p. ;
_c21 cm.
490 1 _aCollection Musique
500 _aBiblioteca Jacinto Martínez Lacalle.
600 1 4 _aStrauss (familia)-
_vBiografías.
_9108406
700 1 _aLisle, Christiane de.
_972540
830 0 _aCollection Musique
_9219769
852 _aES-MaACL
_jE-12026
_bR.139910
999 _c133686
_d133686